000 00702nam a22002057a 4500
999 _c58427
_d58427
005 20221107120326.0
008 220207s2020 enk||||| |||| 00| 0 eng d
020 _a9780367028633x
041 _aeng
080 _a37 F-84
100 _aFrydenberg, Erica
_913476
245 _aPromoting Well-Being in the Pre-School Years:
_bResearch, Applications and Strategies /
_cErica Frydenberg, Janice Deans, Rachel Liang.
264 _aLondon :
_bRoutledge,
_c2020.
300 _a177 p.
_b23 cm.
653 _aპედაგოგიკა
653 _aПедагогика
700 _aDeans, Janice
_eავტორი
_913477
700 _aLiang, Rachel
_eავტორი
_913478
942 _2udc
_cBK